Diseño curricular : educación inicial . tomo i
Guardado en:
| Formato: | Libro |
|---|---|
| Publicado: |
La Plata :
Consejo General de Cultura y Educación
|
| Materias: | |
| Etiquetas: |
Agregar Etiqueta
Sin Etiquetas, Sea el primero en etiquetar este registro!
|
| LEADER | 01042nam a22002175a 4500 | ||
|---|---|---|---|
| 001 | CEM.cems010987 | ||
| 005 | 20071219181531.0 | ||
| 008 | 130507b######################000#0#####d | ||
| 003 | CEMS | ||
| 082 | 0 | 4 | |a 375 |
| 245 | 0 | 0 | |a Diseño curricular : |b educación inicial . tomo i |
| 260 | |a La Plata : |b Consejo General de Cultura y Educación | ||
| 300 | |a 73 p. | ||
| 500 | |a Educación General Básica. | ||
| 505 | 0 | |a Resolución 13269/99 -- Estructura general: caracterización de la educación inicial . Caracterización de la educación general básica. Estructura curricular -- Areas curriculares : campo tecnológico, ciencias naturales, ciencias sociales, educación artística, educación física, formación ética, inglés, lengua, matemática -- Expectativas de logro: educación inical, educación general básica. | |
| 653 | |a Educación | ||
| 653 | |a Curriculum | ||
| 653 | |a Curriculum-buenos aires | ||
| 653 | |a Nivel inicial | ||
| 653 | |a Nivel inicial-contenidos | ||
| 859 | |a CEMS |b BIB. CEMS - 11 de abril |h 375 |i B862-5 |p 1859.44 |t Ej.1 |v 1 |3 1 | ||
